00607cam a22002174a 4500001000800000005001700008008004100025010001700066020003600083020002200119040001800141041000800159042000800167043001200175080002300187082002700210100000700237101000800244245007300252504006400325452021920180221085853.0990701s2000 caua b 001 0 eng  a 99006723  a0761975667 (cloth : alk. paper) a0761975675 (pbk.) aDLCcDLCdDLC aeng apcc an-us--- a371.144/0973 B DAN00a371.144/0973 B DAN2211 a47 aEDU10aEvaluating teachers for professional growth :cby Daniel R. Beerens. aIncludes bibliographical references (p. 158-161) and index.